White papers of the Chinese government (Record no. 586580)
[ view plain ]
| 000 -LEADER | |
|---|---|
| fixed length control field | 00402nam a22001217a 4500 |
| 082 ## - DEWEY DECIMAL CLASSIFICATION NUMBER | |
| Classification number | 320.951 |
| 100 ## - MAIN ENTRY--PERSONAL NAME | |
| Personal name | China. Guo wu yuan. Xin wen ban gong shi |
| 245 ## - TITLE STATEMENT | |
| Title | White papers of the Chinese government |
| Statement of responsibility, etc. | China. Guo wu yuan. Xin wen ban gong shi |
| 260 ## - PUBLICATION, DISTRIBUTION, ETC. | |
| Place of publication, distribution, etc. | Beijing : |
| Name of publisher, distributor, etc. | Foreign Languages Press, |
| Date of publication, distribution, etc. | 2020. |
| 300 ## - PHYSICAL DESCRIPTION | |
| Extent | 1020p. |
| 942 ## - ADDED ENTRY ELEMENTS (KOHA) | |
| Source of classification or shelving scheme | |
| Koha item type | Book |
| Withdrawn status | Lost status | Source of classification or shelving scheme | Materials specified (bound volume or other part) | Damaged status | Not for loan | Permanent Location | Current Location | Shelving location | Date acquired | Full call number | Barcode | Date last seen | Price effective from | Koha item type |
|---|---|---|---|---|---|---|---|---|---|---|---|---|---|---|
| Donated by Chinese embassy in Pakistan | Central Library (CL) | Central Library (CL) | Chinese Studies | 10/18/2021 | 320.951 YUA | CL-D-1386 | 10/18/2021 | 10/18/2021 | Book | |||||
| Donated by Chinese embassy in Pakistan | Central Library (CL) | Central Library (CL) | Chinese Studies | 10/18/2021 | 320.951 YUA | CL-D-1382 | 10/18/2021 | 10/18/2021 | Book |
